The minister's service book. (Record no. 18210)

000 -LEADER
fixed length control field 00357nam a22001217a 4500
008 - FIXED-LENGTH DATA ELEMENTS--GENERAL INFORMATION
fixed length control field 120406t xxu||||| |||| 00| 0 eng d
050 ## - LIBRARY OF CONGRESS CALL NUMBER
Classification number BV 199
Item number .O3 M5 1942
245 ## - TITLE STATEMENT
Title The minister's service book.
260 ## - PUBLICATION, DISTRIBUTION, ETC. (IMPRINT)
Place of publication, distribution, etc Springfield, Mo
Name of publisher, distributor, etc The Gospel Publishing House
Date of publication, distribution, etc 1942.
300 ## - PHYSICAL DESCRIPTION
Extent 147 pgs.
Dimensions 17 cm.
650 ## - SUBJECT ADDED ENTRY--TOPICAL TERM
Topical term or geographic name as entry element Occasional services.
9 (RLIN) 2348
942 ## - ADDED ENTRY ELEMENTS (KOHA)
Source of classification or shelving scheme
Item type Books
Copies
Copy number Lost status Permanent location Price effective from Damaged status Shelving location Date acquired Withdrawn status Current location Koha item type Full call number Source of classification or shelving scheme Not for loan Barcode Date last seen
1 RHEMA Bible Training College2012-04-06 General Stacks2012-04-06 RHEMA Bible Training CollegeBooksBV 199 .O3 M5 1942  225452012-04-06